| 000 | 01046cab a2200313 4500 | ||
|---|---|---|---|
| 001 | ABS51080 | ||
| 008 | 090401t1994 xxu||||| |||| 00| 0 eng d | ||
| 035 | _a(Sirsi) u8605 | ||
| 041 | _aeng | ||
| 100 | _aWoods, M. | ||
| 245 | _aPonds, wetlands and development | ||
| 260 | _c1994 | ||
| 350 | _a0 | ||
| 490 |
_aEstates Gazette _v(9428) 16 July 1994, 120-122(3) |
||
| 520 | _aLooks at developments involving ponds or wetlands and stresses the importance of appropriate management, as a means of protection. Examines the role of the National Rivers Authority (NRA) and English Nature in this procedure. | ||
| 650 | _aCOUNTRYSIDE COUNCIL FOR WALES | ||
| 650 | _aEC SPECIES AND HABITATS DIRECTIVE | ||
| 650 | _aENGLISH NATURE | ||
| 650 | _aLAND DRAINAGE | ||
| 650 | _aNRA | ||
| 650 | _aPONDS | ||
| 650 | _aSCOTTISH NATURAL HERITAGE | ||
| 650 | _aWILDLIFE AND COUNTRYSIDE ACT 1981 | ||
| 650 | _aWILDLIFE CONSERVATION | ||
| 690 | _aCONSERVATION | ||
| 690 | _aPROPERTY-PROPERTY DEVELOPMENT | ||
| 942 | _n0 | ||
| 948 | _c04/03/1997 | ||
| 999 |
_c5327 _d5327 |
||